000 00459nam a2200157Ia 4500
008 210716s2010 xx 000 0 und d
020 _a9788132105077
041 _aeng
082 _a332.1 KOTR
100 _aKothari, Rajesh.
245 _aFinancial services in India: concepts and application.
_bConcepts and application.
250 _a1
260 _aNew Delhi
_bSage Publications
_c2010
300 _axv,331
650 _aFinancial Institutions & Markets
999 _c208029
_d208029